000 01482nam a2200325 a 4500
001 ebr10442973
003 CaPaEBR
006 m u
007 cr cn|||||||||
008 110223s2009 enka s 001 0 eng d
020 _z9781847196149
020 _z9781847196156 (e-book)
040 _aCaPaEBR
_cCaPaEBR
035 _a(OCoLC)635504320
050 1 4 _aTK5105.8885.J42
_bL46 2009eb
100 1 _aLeonard, Anghel.
245 1 0 _aJBoss Tools 3 developer's guide
_h[electronic resource] :
_bbuild functional applications from scratch to server deployment using JBoss Tools : develop JSF, Struts, Seam, Hibernate, jBPM, ESB, web services, and portal applications faster than ever using JBoss Tools for Eclipse and the JBoss Application Server /
_cAnghel Leonard.
260 _aBirmingham, U.K. :
_bPackt Pub.,
_c2009.
300 _avi, 392 p. :
_bill. (chiefly col.)
500 _aIncludes index.
533 _aElectronic reproduction.
_bPalo Alto, Calif. :
_cebrary,
_d2011.
_nAvailable via World Wide Web.
_nAccess may be limited to ebrary affiliated libraries.
630 0 0 _aJBoss.
650 0 _aWeb servers
_xManagement.
650 0 _aJava (Computer program language)
650 0 _aApplication software
_xDevelopment.
650 0 _aClient/server computing.
655 7 _aElectronic books.
_2local
710 2 _aebrary, Inc.
856 4 0 _uhttp://site.ebrary.com/lib/rucke/Doc?id=10442973
_zAn electronic book accessible through the World Wide Web; click to view
999 _c135580
_d135580